[Event "Challenge"]
[Site "http://www.queenalice.com/game.php?id=342712"]
[Date "2008.1.25"]
[Round "-"]
[White "pscos"]
[Black "rebello"]
[Result "0-1"]
[WhiteElo "880"]
[BlackElo "1240"]

1. e4 d5 2. Qe2 dxe4 3. Qa6 Bg4 4. Bc4 Qd4 5. Nh3 e3 6. Rf1 Qe4 7. Bb5+ Kd8 8.
Bc6 Nxc6 9. a3 exf2+ 10. Kxf2 Ne5 11. d3 Nf6 12. c3 Qe2+ 13. Kg3 Nh5+ 14. Kh4
Ng6+ 15. Kg5 Qe5+ 16. Rf5 Qxf5# 0-1

[Event "Challenge"]
[Site "http://www.queenalice.com/game.php?id=351542"]
[Date "2008.2.9"]
[Round "-"]
[White "Hawkeye"]
[Black "rebello"]
[Result "1-0"]
[WhiteElo "1423"]
[BlackElo "1245"]

1. d4 b5 2. e3 c6 3. Bd3 Nf6 4. b4 e6 5. c3 Nd5 6. Bb2 d6 7. Nf3 Be7 8. O-O e5
9. Nbd2 Bh4 10. Nxh4 Qxh4 11. e4 Bg4 12. Nf3 Qh5 13. Be2 Nf4 14. d5 O-O 15. Kh1
Re8 16. Re1 cxd5 17. exd5 e4 18. Ng1 e3 19. Bxg4 Qh4 20. f3 e2 21. Qd4 h5 22. c4
f6 23. Be6+ Kf8 24. c5 dxc5 25. Qxc5+ Re7 26. Bh3 Na6 27. Qxb5 Nc7 28. g3 Qg5
29. gxf4 Qxf4 30. Qc5 1-0

[Event "AUTO-BEG-186"]
[Site "http://www.queenalice.com/game.php?id=356633"]
[Date "2008.2.18"]
[Round "1"]
[White "pjanderson"]
[Black "rebello"]
[Result "1-0"]
[WhiteElo "1497"]
[BlackElo "1271"]

1. d4 d5 2. g3 h5 3. Bg2 Nf6 4. Nf3 a5 5. O-O e5 6. Nxe5 Qd6 7. Bf4 h4 8. Ng6
Qe7 9. Nxe7 Bxe7 10. Bxc7 hxg3 11. Bxg3 Ng4 12. Bxd5 Ra6 13. Bxb8 Bd6 14. Bxd6
Rxd6 15. e4 Nxh2 16. Bxf7+ Kxf7 17. f4 b6 18. f5 Ba6 19. Rf2 Rdh6 20. e5 Rh4 21.
e6+ Ke7 22. d5 Rg4+ 23. Rg2 Rgh4 24. d6+ Kf6 25. e7 Kf7 26. Qd5+ Kf6 27. Qe6#
1-0

[Event "AUTO-BEG-186"]
[Site "http://www.queenalice.com/game.php?id=356634"]
[Date "2008.2.18"]
[Round "1"]
[White "rebello"]
[Black "pjanderson"]
[Result "0-1"]
[WhiteElo "1249"]
[BlackElo "1610"]

1. e4 b6 2. Bb5 c6 3. Nc3 cxb5 4. Nge2 Bb7 5. Nd4 a6 6. d3 e5 7. Nf5 g6 8. Qf3
gxf5 9. Nd5 Bxd5 10. exd5 f4 11. d4 exd4 12. Bxf4 Bb4+ 13. c3 dxc3 14. bxc3 Qe7+
15. Be3 Bxc3+ 16. Kd1 Bxa1 17. Bxb6 d6 18. Qg4 Nd7 19. Bd4 Bxd4 20. Qxd4 f6 21.
Re1 Ne5 22. a4 Qb7 23. f4 O-O-O 24. fxe5 dxe5 25. Qd3 Rxd5 26. axb5 Rxd3+ 27.
Kc2 Qxb5 28. Rb1 Qc4+ 29. Kb2 Rd2+ 30. Ka1 Qa2# 0-1

[Event "AUTO-BEG-186"]
[Site "http://www.queenalice.com/game.php?id=356649"]
[Date "2008.2.18"]
[Round "1"]
[White "billymc"]
[Black "rebello"]
[Result "0-1"]
[WhiteElo "1148"]
[BlackElo "1160"]

1. e4 d5 2. Nc3 Nf6 3. Bb5+ c6 4. Be2 Nbd7 5. d4 dxe4 6. f3 e3 7. Bxe3 g6 8. g4
Nb6 9. Nh3 Nfd5 10. Nxd5 Nxd5 11. Bg5 b5 12. O-O Ne3 13. Bxe3 h5 14. Bg5 hxg4
15. Nf4 g3 16. d5 gxh2+ 17. Kh1 Qc7 18. dxc6 Qe5 19. Nh3 Bxh3 0-1

[Event "AUTO-BEG-186"]
[Site "http://www.queenalice.com/game.php?id=356650"]
[Date "2008.2.18"]
[Round "1"]
[White "rebello"]
[Black "billymc"]
[Result "1-0"]
[WhiteElo "1225"]
[BlackElo "1148"]

1. e4 d5 2. Nc3 e5 3. a4 Qd7 4. Nb5 dxe4 5. Nh3 h5 6. Be2 Nf6 7. Ng5 Qf5 8. d4
Ng4 9. Qd2 Ke7 10. Ra3 Qxf2+ 11. Kd1 Kf6 12. Rf1 e3 13. Rxf2+ Kxg5 14. Qd3 Bxa3
15. Bxe3+ Nxe3+ 16. Qxe3+ Kg6 17. Qxe5 Nc6 18. Qg3+ Bg4 19. Bxg4 Rae8 20. Qd3+
Kg5 21. Qf5+ Kh6 22. Qxh5# 1-0

[Event "000"]
[Site "http://www.queenalice.com/game.php?id=371110"]
[Date "2008.3.14"]
[Round "-"]
[White "rebello"]
[Black "axelsun"]
[Result "0-1"]
[WhiteElo "1245"]
[BlackElo "1792"]

1. e4 e6 2. Nc3 d5 3. exd5 exd5 4. Bb5+ c6 5. Ba4 Nf6 6. Nf3 a5 7. Ne5 b5 8. Bb3
a4 9. Bxa4 bxa4 10. Nxa4 Rxa4 11. O-O Bc5 12. Re1 O-O 0-1

[Event "AUTO-BEG-226"]
[Site "http://www.queenalice.com/game.php?id=420290"]
[Date "2008.6.20"]
[Round "1"]
[White "rebello"]
[Black "AlexsandroB"]
[Result "0-1"]
[WhiteElo "1273"]
[BlackElo "1273"]

1. e4 c5 2. d3 Nc6 3. Na3 Nf6 4. Bf4 d6 5. Nb5 g6 6. Qd2 a6 7. Na3 Bg7 8. Nc4 b5
9. Ne3 O-O 10. Bg5 Ng4 11. Nd5 Bxb2 12. Rb1 Bg7 13. d4 cxd4 14. Bd3 Re8 15. e5
Ngxe5 16. Ne2 Qa5 17. Rb4 Nxb4 18. Nxb4 Bb7 19. Nxd4 Nxd3+ 20. cxd3 Bxd4 21. Nd5
Qxd2+ 22. Kxd2 Bxd5 0-1

[Event "AUTO-BEG-226"]
[Site "http://www.queenalice.com/game.php?id=420291"]
[Date "2008.6.20"]
[Round "1"]
[White "AlexsandroB"]
[Black "rebello"]
[Result "1-0"]
[WhiteElo "1256"]
[BlackElo "1291"]

1. d4 h5 2. e4 Nf6 3. e5 Ne4 4. Be2 g6 5. Bf3 d5 6. Ne2 Nc6 7. Nbc3 Nxc3 8. Nxc3
e6 9. O-O Qh4 10. Nb5 Qe7 11. Bg5 Qxg5 12. Nxc7+ Kd8 13. Nb5 h4 14. Qc1 Qh5 15.
Bxh5 gxh5 16. c3 Bh6 17. Qd1 Bg5 18. Nd6 Ke7 19. Qf3 Rg8 20. Qxf7+ Kd8 21. Qxg8+
Kc7 22. Qxg5 h3 23. gxh3 Bd7 24. f4 1-0

[Event "AUTO-BEG-226"]
[Site "http://www.queenalice.com/game.php?id=420292"]
[Date "2008.6.20"]
[Round "1"]
[White "rebello"]
[Black "QSL"]
[Result "0-1"]
[WhiteElo "1238"]
[BlackElo "1205"]

1. e4 e5 2. Bc4 b6 3. Nf3 Ba6 4. Bd5 c6 5. Bb3 Nf6 6. Nxe5 Nxe4 7. Qg4 Nf6 8.
Qf5 g6 9. Qg5 h6 10. Bxf7+ Ke7 11. Qh4 d6 12. Qb4 Nd5 13. Qe4 Nf6 14. Nxg6+ Kxf7
0-1

[Event "AUTO-BEG-226"]
[Site "http://www.queenalice.com/game.php?id=420293"]
[Date "2008.6.20"]
[Round "1"]
[White "QSL"]
[Black "rebello"]
[Result "1-0"]
[WhiteElo "1186"]
[BlackElo "1257"]

1. e4 d5 2. exd5 Qxd5 3. a4 Qd4 4. c3 Qe5+ 5. Qe2 Qd6 6. Qb5+ Bd7 7. Qxb7 Bc6 8.
Qc8+ Qd8 9. Qxd8+ Kxd8 10. b4 e6 11. b5 Be4 12. f3 Nf6 13. fxe4 Nxe4 14. d3 1-0

[Event "AUTO-BEG-226"]
[Site "http://www.queenalice.com/game.php?id=420294"]
[Date "2008.6.20"]
[Round "1"]
[White "rebello"]
[Black "vagner_pirai"]
[Result "0-1"]
[WhiteElo "1291"]
[BlackElo "1841"]

1. e4 c6 2. Nc3 d5 3. Bd3 e5 4. a3 d4 5. Nce2 Nf6 6. Nf3 Bd6 7. Ng5 h6 8. Nh3
O-O 9. Ng3 Bxh3 10. gxh3 Nbd7 11. Qg4 Nxg4 12. hxg4 Nf6 13. Bc4 Nxg4 14. O-O Qh4
15. Kg2 Qxh2+ 16. Kf3 d3 17. cxd3 Bc5 18. Kxg4 Bxf2 19. Kf3 Qxg3+ 20. Ke2 Bd4
21. Rf3 Qg2+ 22. Rf2 Qxf2+ 23. Kd1 b5 24. Bb3 a5 25. a4 Rfc8 26. Kc2 c5 27. axb5
Rd8 28. b6 Rab8 29. Ba4 Rxb6 30. Rb1 Rdb8 31. b3 h5 0-1

[Event "AUTO-BEG-226"]
[Site "http://www.queenalice.com/game.php?id=420295"]
[Date "2008.6.20"]
[Round "1"]
[White "vagner_pirai"]
[Black "rebello"]
[Result "1-0"]
[WhiteElo "1804"]
[BlackElo "1291"]

1. e4 Nf6 2. e5 Nd5 3. d4 d6 4. c4 Nb4 5. Qa4+ N4c6 6. d5 Bd7 7. dxc6 Bxc6 8.
Qb3 dxe5 9. Be3 e6 10. c5 Na6 11. Bb5 Bxb5 12. Qxb5+ c6 13. Qxb7 Nxc5 14. Qxc6+
Nd7 15. Nf3 Rc8 16. Qb5 e4 17. Ne5 Rc5 18. Bxc5 Bxc5 19. Nc3 f6 20. Nxd7 Be7 21.
O-O-O Qc8 22. Nb6+ Kf7 23. Nxc8 Rxc8 24. Rd7 Re8 25. Nxe4 a6 26. Qc6 Kf8 27.
Qxe6 g6 28. Nd6 Rb8 29. Qf7# 1-0